| 000 | 00622nac a22001811u 4500 | ||
|---|---|---|---|
| 008 | 100915s2003 i |||||r|||| 00| 0 eng d | ||
| 010 | _a 2003066188 | ||
| 020 | _a8120321707 | ||
| 082 | 0 | 0 |
_a621.3 _bULA _222 |
| 100 |
_aUlaby, Fawwaz T. _919196 |
||
| 245 | 1 | 0 |
_aFundamentals of Applied Electromagnetics / _cFawwaz T. Ulaby |
| 250 | _a2001 media ed. | ||
| 260 |
_aNew Delhi : _bPrentice-Hall of India _c2003 |
||
| 300 |
_axviii, 433 p. : _bill. ; _c25 cm. + _e1 CD-ROM (4 3/4 in.) |
||
| 650 | 0 |
_aElectromagnetism. _919197 |
|
| 650 | 0 |
_aElectromagnetism _xIndustrial applications. _919198 |
|
| 942 |
_cBB _k621.3ULA _2ddc |
||
| 999 |
_c418 _d418 |
||